Giúp ôn tập tốt môn toán cao cấp. T.1, Giới hạn, vi tích phân hàm một biến : (Dùng cho sinh viên các trường Đại học Kỹ thuật) /
Sparad:
| Huvudupphovsman: | |
|---|---|
| Materialtyp: | Bok |
| Språk: | Vietnamese |
| Publicerad: |
Đại học Quốc gia
2004
|
| Taggar: |
Lägg till en tagg
Inga taggar, Lägg till första taggen!
|
| Thư viện lưu trữ: | Mạng thư viện Đại học Đà Nẵng |
|---|
| LEADER | 00821nam a2200265 4500 | ||
|---|---|---|---|
| 001 | 000027361 | ||
| 003 | GI-Ô04 | ||
| 005 | 20150403120000.0 | ||
| 008 | 150403s vm 000 vie | ||
| 020 | |c 0,0000 | ||
| 040 | |a notts | ||
| 100 | |a Không rõ | ||
| 245 | |a Giúp ôn tập tốt môn toán cao cấp. T.1, Giới hạn, vi tích phân hàm một biến : (Dùng cho sinh viên các trường Đại học Kỹ thuật) / |c Lê Ngọc Lăng, Nguyễn Chí Bảo, Trần Xuân Hiển, Nguyễn Phú Trường. | ||
| 260 | |b Đại học Quốc gia |c 2004 | ||
| OWN | |a LTT | ||
| 999 | |a From the UDN01 | ||
| TYP | |a Monograph | ||
| TYP | |a Printed language | ||
| 980 | |a Mạng thư viện Đại học Đà Nẵng | ||